Georges Niang Quiz - Statistics

General Stats
  • This quiz has been taken 7 times
  • The average score is 14 of 15
Answer Stats
Question Answer % Correct
What was Georges Niang's field goal percentage in the 2022-23 season? 44.2%
100%
How many points per game did Georges Niang Average in the 2022-23 season? 8.2
100%
What team is Georges Niang currently on? Cavs
100%
Who led Argentina to the 2023 World Cup? Georges Niang
100%
What famous general became supreme commander of Allied forces in WWII? Georges Niang
100%
Who brought world peace? Georges Niang
100%
If aliens visited earth, who should represent Earth? Georges Niang
100%
Who invented time travel? Georges Niang
100%
When Donald Trump says he would "hire the best people," who is he talking about? Georges Niang
100%
Who has been voted sexiest man alive? Georges Niang
100%
Who coined the phrase "Speak softly and carry a big stick"? Georges Niang
100%
What is God's real name? Georges Niang
100%
Which player is a reliable 3-point shooter? Geroges Niang
100%
What is Georges Niang's role in the NBA? Shoot 3s
100%
Has Georges Niang won an MVP? This is his year
0%
No matching quizzes found
Score Distribution
Percent of People with Each Score
Percentile by Number Answered
Your Score History
You have not taken this quiz